Suomen kielen sanontoja #3 - Statistics

Yleistilastot
  • Tätä visaa on pelattu 2 687 kertaa
  • Keskiarvotulos 23 / 30
Vastaustilastot
Sanonta % Oikein
Oppia ikä {kaikki}
99%
Loppu hyvin, {kaikki} {hyvin}
98%
Harjoitus tekee {mestarin}
97%
Nopeat syövät {hitaat}
97%
Kolmas kerta {toden} {sanoo}
96%
Maltti on {valttia}
95%
Olet mitä {syöt}
95%
Pitää {pää} kylmänä
94%
Joukossa {tyhmyys} tiivistyy
91%
Olla {kana} kynittävänä
89%
Rehellisyys maan {perii}
89%
Itku pitkästä {ilosta}
88%
Paha saa {palkkansa}
88%
Älä osta {sikaa} säkissä
87%
Maassa maan {tavalla}
87%
{Nauru} pidentää ikää
86%
Lyhyestä virsi {kaunis}
83%
Hätä ei lue {lakia}
78%
Elää kädestä {suuhun}
72%
Mikä laulaen tulee, se {viheltäen} menee
68%
Tilaisuus tekee {varkaan}
66%
Tyhjästä on paha {nyhjäistä}
62%
Tarkoitus pyhittää {keinot}
57%
Ei oppi {ojaan} kaada
49%
Nähdä metsä {puilta}
49%
Ei vara {venettä} kaada
48%
Ei mitään uutta {auringon} alla
44%
Tieto on {valtaa}
44%
Suo siellä, {vetelä} {täällä}
31%
{Kiittämättömyys} on maailman palkka
30%
Ehtoja vastaavia visoja ei löytynyt
Tulosjakauma
Jokaisen tuloksen saaneiden osuus
Persentiili vastausten määrän mukaan
Tuloshistoriasi
Et ole pelannut tätä visaa